000 01297nam a2200325 c 4500
999 _c342196
_d342196
003 BLK
005 20230406030410.0
008 180911b bul|||||r ||||||| ||bul||
010 _a001835
040 _aBLK
041 _aBUL
_cBUL
080 _z949.72.042886.7-4
100 1 _aОсинин, Димитър
_9396571
245 0 0 _aПо скали и по орляци
246 _aЕпопея на хайдутството
250 _a2 изд
260 _aСофия
_bНар. младеж
_c1971
_fСофия : ДПК Дим. Благоев
300 _a200 с
_bс ил.
_c20 см
380 _a9
490 _aЧастна колекция - Академик Михаил Арнаудов
_gДарение - Основен фонд
500 _aАвтограф с текст: На акад. Михаил Арнаудов - с преклонение пред огромното му народополезно дело. София 3 авг. 71 Д. Осинин
520 _aМихаил Арнаудов: подпис
650 _aЕсета
_9155020
650 _aПроза
_9167961
655 _aбългарска история
_9396199
700 1 _aДимитър Осинин
_9396595
852 _aМА 101
_bМА
942 _cKNG
_n0
_s1
944 _aCR
_c1994
_kЕлена
999 _d342196
999 _d342196